Fronts Célèbres #2 - Statistiques

Statistiques générales
  • Ce quiz a été pris 5 904 fois
  • Le résultat moyen est 11 sur 15
Statistiques - réponses
Par images Réponse % Correct
Donald Trump
98%
Adolf Hitler
97%
Kylian Mbappe
93%
Marilyn Monroe
91%
Jacques Chirac
89%
Leonardo DiCaprio
87%
Kim Jong-Un
86%
Mohandas Gandhi
83%
Mark Zuckerberg
78%
Simone Veil
72%
Che Guevara
67%
Jean-Jacques Goldman
49%
Frida Kahlo
43%
Mikhaïl Gorbatchev
43%
Sigmund Freud
19%
Aucun quiz correspondant
Distribution des résultats
% des personnes avec chaque résultat
Percentile par nombre de réponses
Votre historique - résultats
Vous n’avez pas pris ce quiz